| 000 | 00536 a2200181 4500 | ||
|---|---|---|---|
| 003 | OSt | ||
| 005 | 20231214110754.0 | ||
| 008 | 231214b |||||||| |||| 00| 0 eng d | ||
| 020 | _a9789355494375 | ||
| 040 | _coclc | ||
| 082 |
_a894.8128 _bKUR/N |
||
| 100 |
_aKurup, K K N _d1939- author. _91879 |
||
| 245 |
_aNawab Tippu Sulthan: Oru Padanam / _cK.K.N. Kurup |
||
| 250 | _a4th ed. | ||
| 260 |
_aKozhikode: _bMathrubhumi Books, _c2022. |
||
| 300 | _a184p. | ||
| 942 |
_2ddc _cBK _h894.8128 _iKUR/N _k894.8128 _mKUR/N |
||
| 999 |
_c44114 _d44114 |
||